00501nam a22001457a 4500008004500000020001500045082001800060100002100078245009600099260004000195300001300235650003500248650003400283650003800317241112b 1998 ||||| |||| 00| 0 eng d a0851746594 a623.8886bRUS aRushbrook, Frank aThe problems of prevention and control in ship's port installation and offshore structures aGlasgowbBrown,son & Fergusonc1998 axx,450p. aFire-fighting through the ages aThe fighting of fire in ships aAnalysis of trends in ships fires